000
00302nam a22001337a 4500
005
20260313131412.0
008
260313b |||||||| |||| 00| 0 eng d
022
_a
2277-9116
245
_a
PRACTICAL LAWYER [JAN-2026]
260
_a
DELHI
_b
E B C
_c
2026
300
_a
106;P
650
_a
LAW
942
_c
JRL
999
_c
9101
_d
9099